[Event "DEM U12/U12w 2003"]
[Site "Willingen GER"]
[Date "2003.06.13"]
[Round "9"]
[White "Heistermann, Till"]
[Black "Saak, Sandra"]
[Result "1-0"]
[Termination "normal"]
[Board "23"]
[WhiteElo "1619"]
[BlackElo "1361"]
[PlyCount "119"]
[EventCountry "GER"]
[EventRounds "11"]
[EventType "swiss"]
[EventDate "2003.06.07"]

1. e4 e6 2. d4 d5 3. Nc3 dxe4 4. Nxe4 Nd7 5. Nf3 Ngf6 6. Bg5 h6 7. Bh4 Be7 8.
Nxf6+ Nxf6 9. Bd3 c5 10. dxc5 Bxc5 11. Bb5+ Bd7 12. Bxd7+ Qxd7 13. Bxf6 Qxd1+
14. Rxd1 gxf6 15. O-O Ke7 16. Rd2 Rad8 17. Rfd1 Rxd2 18. Rxd2 Rc8 19. Kf1 Bb6
20. Ke2 Rc6 21. c3 Rd6 22. h3 Rxd2+ 23. Nxd2 Kd7 24. f3 Kc6 25. Kd3 Bf2 26. Ne4
Bh4 27. g3 f5 28. gxh4 fxe4+ 29. Kxe4 f6 30. Kd4 Kd6 31. f4 e5+ 32. fxe5+ fxe5+
33. Ke4 Ke6 34. c4 Kf6 35. b4 Ke6 36. c5 h5 37. b5 Kf6 38. c6 bxc6 39. bxc6 Ke6
40. c7 Kd7 41. Kxe5 Kxc7 42. Kf5 Kd6 43. Kg5 Ke5 44. Kxh5 Kf5 45. Kh6 Kf6 46.
h5 a6 47. h4 a5 48. a4 Kf7 49. Kg5 Kg7 50. Kf5 Kh6 51. Ke5 Kxh5 52. Kd5 Kxh4
53. Kc5 Kg5 54. Kb5 Kf6 55. Kxa5 Ke6 56. Kb6 Kd7 57. Kb7 Kd8 58. a5 Kd7 59. a6
Kd6 60. a7 1-0

[Event "DEM U12/U12w 2003"]
[Site "Willingen GER"]
[Date "2003.06.13"]
[Round "9"]
[White "Döring, Julia"]
[Black "Strunski, Andreas"]
[Result "0-1"]
[Termination "normal"]
[Board "24"]
[WhiteElo "1257"]
[BlackElo "1619"]
[PlyCount "106"]
[BlackFideId "24606073"]
[EventCountry "GER"]
[EventRounds "11"]
[EventType "swiss"]
[EventDate "2003.06.07"]

1. c4 Nf6 2. Nc3 g6 3. d4 Bg7 4. Nf3 O-O 5. Bg5 d6 6. e3 h6 7. Bh4 Nbd7 8. Bd3
Re8 9. O-O e5 10. Qc2 exd4 11. exd4 Nf8 12. Rfe1 Bg4 13. Nd2 Qd7 14. b4 c6 15.
Nb3 Rxe1+ 16. Rxe1 Re8 17. Ne2 Nh5 18. Qd2 g5 19. Bg3 Nxg3 20. Nxg3 Rxe1+ 21.
Qxe1 Qe6 22. Qd2 Qe7 23. Nf5 Bxf5 24. Bxf5 Ne6 25. Qe3 Kf8 26. Bg4 Bxd4 27.
Nxd4 Nxd4 28. Qxe7+ Kxe7 29. f3 Nc2 30. b5 cxb5 31. cxb5 Na3 32. Bc8 b6 33. Ba6
Kd7 34. Kf2 Kc7 35. Ke3 Nc2+ 36. Ke4 Nb4 37. a4 Nxa6 38. bxa6 Kc6 39. Kd4 f6
40. g4 d5 41. h3 Kd6 42. Kd3 Kc5 43. Kc3 d4+ 44. Kd3 Kd5 45. Kd2 Kc4 46. Kc2
d3+ 47. Kd2 Kd4 48. Kd1 Ke3 49. Ke1 d2+ 50. Kd1 Kd3 51. h4 gxh4 52. g5 h3 53.
gxh6 h2 0-1

[Event "DEM U12/U12w 2003"]
[Site "Willingen GER"]
[Date "2003.06.13"]
[Round "9"]
[White "Roitzsch, Philipp"]
[Black "Kickert, Germaine-Helene"]
[Result "1-0"]
[Termination "normal"]
[Board "25"]
[WhiteElo "1612"]
[BlackElo "1374"]
[PlyCount "39"]
[WhiteFideId "24635529"]
[BlackFideId "24614890"]
[EventCountry "GER"]
[EventRounds "11"]
[EventType "swiss"]
[EventDate "2003.06.07"]

1. e4 e5 2. Nf3 Nc6 3. Bb5 Nd4 4. Nxd4 exd4 5. O-O Bc5 6. Bc4 Ne7 7. Bxf7+ Kxf7
8. Qh5+ g6 9. Qxc5 Nc6 10. d3 d6 11. Qc4+ Be6 12. Qb5 Rb8 13. Bg5 Qd7 14. Bh4
a6 15. Qg5 Rhf8 16. f4 Ke8 17. Nd2 Nb4 18. f5 gxf5 19. exf5 Rxf5 20. Rxf5 1-0

[Event "DEM U12/U12w 2003"]
[Site "Willingen GER"]
[Date "2003.06.13"]
[Round "9"]
[White "Medlin, Paul"]
[Black "Seifert, Christopher"]
[Result "0-1"]
[Termination "normal"]
[Board "26"]
[WhiteElo "1611"]
[BlackElo "1369"]
[PlyCount "88"]
[BlackFideId "24615293"]
[EventCountry "GER"]
[EventRounds "11"]
[EventType "swiss"]
[EventDate "2003.06.07"]

1. e4 e6 2. d4 d5 3. Nd2 Nf6 4. e5 Nfd7 5. Ngf3 c5 6. c3 Nc6 7. Nb3 Qb6 8. Be2
c4 9. Nbd2 Be7 10. O-O O-O 11. Ne1 f6 12. f4 fxe5 13. fxe5 Ndxe5 14. Kh1 Rxf1+
15. Nxf1 Nf7 16. Ng3 Bd7 17. Bh5 Rf8 18. Qe2 Bd6 19. Qe3 Qc7 20. Nc2 Bxg3 21.
Qxg3 Qxg3 22. hxg3 Nd6 23. Bf4 Ne4 24. Kg1 g5 25. Be3 h6 26. g4 Ng3 27. Na3 a6
28. Re1 Nxh5 29. gxh5 Be8 30. g4 e5 31. dxe5 Nxe5 32. Bc5 Nf3+ 33. Kf2 Nxe1+
34. Bxf8 Nd3+ 35. Ke3 Kxf8 36. Kd4 Bc6 37. b3 Nf2 38. bxc4 dxc4 39. Nxc4 Nxg4
40. Nd6 Kg7 41. Nf5+ Kh7 42. Ne7 Nf6 43. Nxc6 bxc6 44. Kc5 g4 0-1

[Event "DEM U12/U12w 2003"]
[Site "Willingen GER"]
[Date "2003.06.13"]
[Round "9"]
[White "Hirneise, Jens"]
[Black "Oltzen, Samuel David"]
[Result "1-0"]
[Termination "normal"]
[Board "27"]
[WhiteElo "1495"]
[BlackElo "1367"]
[PlyCount "141"]
[WhiteFideId "24614734"]
[EventCountry "GER"]
[EventRounds "11"]
[EventType "swiss"]
[EventDate "2003.06.07"]

1. d4 d5 2. Nf3 Nf6 3. e3 e6 4. Bd3 c6 5. Ne5 Nbd7 6. f4 Be7 7. g4 Ne4 8. O-O
Nxe5 9. dxe5 Nc5 10. Be2 h6 11. Nc3 O-O 12. b4 Nd7 13. a3 a6 14. Bb2 Qb6 15.
Qd3 c5 16. Na4 Qa7 17. bxc5 Nxc5 18. Nxc5 Bxc5 19. Bd4 Bxd4 20. Qxd4 Qxd4 21.
exd4 Bd7 22. c4 dxc4 23. Bxc4 Rac8 24. Rfc1 b5 25. Bb3 Rxc1+ 26. Rxc1 Rc8 27.
Rxc8+ Bxc8 28. Kf2 Kf8 29. Ke3 Ke7 30. Ke4 g6 31. h4 f6 32. exf6+ Kxf6 33. g5+
hxg5 34. hxg5+ Ke7 35. Ke5 Bd7 36. d5 exd5 37. Bxd5 Bc8 38. Be4 Kf7 39. Kd6 a5
40. Bd5+ Kf8 41. Kc6 b4 42. axb4 axb4 43. Kb5 Bf5 44. Kxb4 Ke7 45. Kc5 Kd7 46.
Kd4 Kd6 47. Be4 Bxe4 48. Kxe4 Ke6 49. Kf3 Kf5 50. Ke3 Ke6 51. Ke4 Ke7 52. Ke5
Kf7 53. Kd6 Kf8 54. Ke6 Kg7 55. Ke7 Kg8 56. Kf6 Kh7 57. Kf7 Kh8 58. Kxg6 Kg8
59. f5 Kf8 60. Kh7 Kf7 61. g6+ Kf6 62. g7 Kxf5 63. g8=Q Kf6 64. Qg4 Ke5 65. Kg6
Kd6 66. Qf5 Ke7 67. Qf6+ Ke8 68. Qf7+ Kd8 69. Qb7 Ke8 70. Qc7 Kf8 71. Qf7# 1-0

[Event "DEM U12/U12w 2003"]
[Site "Willingen GER"]
[Date "2003.06.13"]
[Round "9"]
[White "Miclea, Sebastian"]
[Black "Karmann, Anna"]
[Result "0-1"]
[Termination "normal"]
[Board "28"]
[WhiteElo "1532"]
[BlackElo "1275"]
[PlyCount "112"]
[BlackFideId "24648000"]
[EventCountry "GER"]
[EventRounds "11"]
[EventType "swiss"]
[EventDate "2003.06.07"]

1. d4 d5 2. c4 e6 3. Nc3 Nf6 4. cxd5 exd5 5. Bg5 Nbd7 6. e3 Be7 7. Bd3 O-O 8.
Nge2 c6 9. O-O Re8 10. Qc2 h6 11. Bh4 Nf8 12. f3 b6 13. Bf2 Bb7 14. Rae1 c5 15.
Bb5 N8d7 16. e4 a6 17. Bxd7 Qxd7 18. e5 Nh7 19. Ng3 c4 20. f4 Bh4 21. Nf5 Be7
22. Bh4 Bxh4 23. Nxh4 Bc8 24. f5 b5 25. Re3 Kh8 26. Rg3 Rg8 27. Qd2 Ng5 28. f6
g6 29. Nf3 Nxf3+ 30. Rfxf3 Kh7 31. Rh3 g5 32. Rfg3 Qf5 33. Rf3 Qg6 34. Rhg3 Be6
35. h4 g4 36. Rf2 h5 37. Qc2 Qxc2 38. Rxc2 Rgd8 39. Ne2 Bf5 40. Rd2 Kh6 41. Nf4
Rac8 42. Rf2 Be6 43. Nxe6 fxe6 44. Ra3 Ra8 45. g3 Rdc8 46. Rc3 Kg6 47. Rc1 Kf7
48. Rcf1 Rc6 49. Rc2 Rac8 50. Ra1 R8c7 51. Rd2 Rc8 52. Kf2 c3 53. bxc3 Rxc3 54.
Rad1 Rf3+ 55. Kg2 Rcc3 56. Rg1 Rxg3+ 0-1

[Event "DEM U12/U12w 2003"]
[Site "Willingen GER"]
[Date "2003.06.13"]
[Round "9"]
[White "Doberitz, Paul"]
[Black "Gröger, Eric"]
[Result "1-0"]
[Termination "normal"]
[Board "29"]
[WhiteElo "1526"]
[BlackElo "1265"]
[PlyCount "81"]
[WhiteFideId "24646130"]
[EventCountry "GER"]
[EventRounds "11"]
[EventType "swiss"]
[EventDate "2003.06.07"]

1. e4 e5 2. Nf3 Nc6 3. d4 exd4 4. Bc4 Nf6 5. O-O Nxe4 6. Re1 d5 7. Bxd5 Qxd5 8.
Nc3 Qa5 9. Rxe4+ Be6 10. Nxd4 O-O-O 11. Nce2 Qb6 12. Be3 Bc5 13. c3 Qxb2 14.
Qe1 Bxd4 15. Nxd4 Nxd4 16. Bxd4 Kb8 17. Be3 Qa3 18. Rb1 Qa6 19. Rbb4 b6 20. a4
Rd6 21. Bf4 Rd7 22. c4 Rhd8 23. Qc3 Rd1+ 24. Re1 Rxe1+ 25. Qxe1 Bxc4 26. h3 Be6
27. Qc3 Qb7 28. a5 Rd7 29. Qxg7 Kc8 30. Qxh7 c5 31. Rb1 Bd5 32. Qg8+ Rd8 33.
Qg4+ Be6 34. Qg3 Qe4 35. Ra1 Qd4 36. Ra3 Qb4 37. axb6 Qxb6 38. Be3 Kb7 39. Qf3+
Qc6 40. Rxa7+ Kb6 41. Ra6+ 1-0

[Event "DEM U12/U12w 2003"]
[Site "Willingen GER"]
[Date "2003.06.13"]
[Round "9"]
[White "Yao, Kelvin"]
[Black "Billing, Tanja"]
[Result "1-0"]
[Termination "normal"]
[Board "30"]
[WhiteElo "1426"]
[BlackElo "1226"]
[PlyCount "45"]
[BlackFideId "24647993"]
[EventCountry "GER"]
[EventRounds "11"]
[EventType "swiss"]
[EventDate "2003.06.07"]

1. d4 d5 2. c4 e6 3. Nc3 Nf6 4. cxd5 exd5 5. Bg5 Be7 6. e3 O-O 7. Bd3 Nc6 8. a3
Be6 9. Qc2 h6 10. Bxf6 Bxf6 11. Nge2 Bg5 12. O-O Qd7 13. Ng3 g6 14. b4 a6 15.
Na4 Be7 16. Bxg6 fxg6 17. Qxg6+ Kh8 18. Qxh6+ Kg8 19. Nh5 Bd8 20. Nc5 Qh7 21.
Qxh7+ Kxh7 22. Nxe6 Re8 23. Nhf4 1-0

[Event "DEM U12/U12w 2003"]
[Site "Willingen GER"]
[Date "2003.06.13"]
[Round "9"]
[White "Park, Johannes"]
[Black "Büchner, Felix"]
[Result "0-1"]
[Termination "normal"]
[Board "31"]
[WhiteElo "1396"]
[BlackElo "1229"]
[PlyCount "112"]
[EventCountry "GER"]
[EventRounds "11"]
[EventType "swiss"]
[EventDate "2003.06.07"]

1. d4 d5 2. c4 e6 3. Nf3 Nf6 4. Bg5 Be7 5. Nc3 c6 6. e3 Nbd7 7. cxd5 exd5 8.
Bd3 Qc7 9. Rc1 Nb6 10. O-O Bg4 11. h3 Bh5 12. Be2 h6 13. Bh4 g5 14. Bg3 Qd8 15.
Ne5 Bxe2 16. Qxe2 Nbd7 17. Qf3 Rf8 18. Rfd1 Nxe5 19. Bxe5 Rg8 20. e4 Nxe4 21.
Nxe4 dxe4 22. Qxe4 f6 23. Bxf6 Rc8 24. Re1 Rc7 25. Rc2 Kf7 26. Bxe7 Rxe7 27.
Qf3+ Kg7 28. Rxe7+ Qxe7 29. Qe3 Qd6 30. Qe5+ Qxe5 31. dxe5 Re8 32. Re2 Kg6 33.
g4 Kf7 34. Kg2 Ke6 35. Kg3 Rf8 36. Re4 Kd5 37. f3 Re8 38. Ra4 a6 39. f4 gxf4+
40. Rxf4 Rxe5 41. Rf7 b5 42. Ra7 Re2 43. Rxa6 Rxb2 44. Kh4 c5 45. Rxh6 Rg2 46.
Kg5 c4 47. Kf4 c3 48. Rh5+ Kc4 49. Rh6 Rxa2 50. g5 c2 51. Rc6+ Kb3 52. g6 Ra4+
53. Ke3 Rc4 54. g7 c1=Q+ 55. Kf2 Qf4+ 56. Ke2 Qe5+ 0-1

[Event "DEM U12/U12w 2003"]
[Site "Willingen GER"]
[Date "2003.06.13"]
[Round "9"]
[White "Tschikischew, Jürgen"]
[Black "Mertens, Pauline"]
[Result "1-0"]
[Termination "normal"]
[Board "32"]
[WhiteElo "1249"]
[BlackElo "1353"]
[PlyCount "69"]
[BlackFideId "24671959"]
[EventCountry "GER"]
[EventRounds "11"]
[EventType "swiss"]
[EventDate "2003.06.07"]

1. d4 Nf6 2. c4 g6 3. Nc3 Bg7 4. Nf3 d6 5. Bg5 O-O 6. e3 Nbd7 7. Be2 e5 8. O-O
h6 9. Bh4 c6 10. c5 exd4 11. exd4 dxc5 12. dxc5 Nxc5 13. Qc2 Bf5 14. Qc1 Qc7
15. Bxf6 Bxf6 16. Qxh6 Bg7 17. Qc1 Rad8 18. Rd1 Rxd1+ 19. Nxd1 Rd8 20. Qxc5 b6
21. Qa3 a5 22. Ne3 Be6 23. Rd1 Rxd1+ 24. Nxd1 Qd7 25. h3 Qd5 26. b3 c5 27. Qc1
Qd6 28. Qd2 Qxd2 29. Nxd2 Kf8 30. Bc4 Bd7 31. a4 Ke7 32. Nf3 f5 33. Ne3 Be6 34.
Bxe6 Kxe6 35. Nc4 1-0

[Event "DEM U12/U12w 2003"]
[Site "Willingen GER"]
[Date "2003.06.13"]
[Round "9"]
[White "Göbel, Florian"]
[Black "Geis, Raoul-Marian"]
[Result "0-1"]
[Termination "normal"]
[Board "33"]
[WhiteElo "1180"]
[BlackElo "1315"]
[PlyCount "50"]
[EventCountry "GER"]
[EventRounds "11"]
[EventType "swiss"]
[EventDate "2003.06.07"]

1. e4 e6 2. d4 d5 3. Nc3 Bb4 4. e5 c5 5. a3 Bxc3+ 6. bxc3 Ne7 7. Bd3 Nbc6 8.
Nf3 c4 9. Be2 Qc7 10. O-O Bd7 11. Be3 Nf5 12. Bd2 h6 13. Ne1 g5 14. f4 Rg8 15.
fxg5 hxg5 16. Nf3 g4 17. Ne1 g3 18. h3 O-O-O 19. Nf3 Rg7 20. Bg5 Rdg8 21. Bf6
Rg6 22. Nd2 Ne3 23. Qc1 Nxf1 24. Qxf1 Qa5 25. Qf3 b5 0-1

[Event "DEM U12/U12w 2003"]
[Site "Willingen GER"]
[Date "2003.06.13"]
[Round "9"]
[White "Friedt, Edmund"]
[Black "Stelter, Frederik"]
[Result "1/2-1/2"]
[Termination "normal"]
[Board "34"]
[WhiteElo "1306"]
[BlackElo "1157"]
[PlyCount "54"]
[WhiteFideId "24629545"]
[EventCountry "GER"]
[EventRounds "11"]
[EventType "swiss"]
[EventDate "2003.06.07"]

1. e4 e5 2. Nf3 Nf6 3. Nc3 Bb4 4. d3 d6 5. a3 Ba5 6. b4 Bb6 7. Bg5 Bg4 8. h3
Bxf3 9. Qxf3 Nbd7 10. Nd5 h6 11. Nxf6+ Nxf6 12. Bxf6 Qxf6 13. Qxf6 gxf6 14. c3
O-O-O 15. a4 a6 16. f3 Rhg8 17. a5 Ba7 18. O-O-O c5 19. bxc5 Bxc5 20. Kc2 d5
21. d4 exd4 22. cxd4 Ba7 23. Kc3 dxe4 24. fxe4 Rg5 25. d5 f5 26. exf5 Rxf5 27.
Bc4 Rf2 1/2-1/2

[Event "DEM U12/U12w 2003"]
[Site "Willingen GER"]
[Date "2003.06.13"]
[Round "9"]
[White "Penne, Bo"]
[Black "Reipschläger, Tom"]
[Result "0-1"]
[Termination "normal"]
[Board "35"]
[WhiteElo "1226"]
[BlackElo "1099"]
[PlyCount "97"]
[WhiteFideId "24642193"]
[EventCountry "GER"]
[EventRounds "11"]
[EventType "swiss"]
[EventDate "2003.06.07"]

1. e4 e5 2. Nf3 Nc6 3. d4 exd4 4. Nxd4 Bc5 5. Be3 d6 6. Be2 Qf6 7. c3 Nxd4 8.
Bxd4 Bxd4 9. Qxd4 Qg5 10. Bf3 Qc1+ 11. Qd1 Qxb2 12. Nd2 Qxc3 13. O-O Qf6 14.
Re1 Ne7 15. Qc2 c6 16. Nc4 Ng6 17. Rad1 O-O 18. Nxd6 Rd8 19. Nf5 Rxd1 20. Rxd1
Bxf5 21. exf5 Nh4 22. Bg4 Re8 23. h3 Qg5 24. g3 h5 25. gxh4 Qxh4 26. Bf3 Qxh3
27. Bg2 Qg4 28. Qc3 Qxd1+ 29. Kh2 Qd6+ 30. Kh1 c5 31. Kg1 Qd4 32. Qc2 Re1+ 33.
Kh2 Qf4+ 34. Kh3 Qg4+ 35. Kh2 c4 36. Qd2 Qe2 37. Qd8+ Qe8 38. Qg5 g6 39. f6
Qe5+ 40. Qxe5 Rxe5 41. Bf1 c3 42. Bd3 Re2 43. Bxe2 c2 44. Bf3 c1=Q 45. Kg2 Qb2
46. Kg1 Qxf6 47. Kg2 Qb2 48. Kg1 Qxa2 49. Kh2 0-1

[Event "DEM U12/U12w 2003"]
[Site "Willingen GER"]
[Date "2003.06.13"]
[Round "9"]
[White "Perlick, Maria"]
[Black "Mischke, Daniel"]
[Result "1/2-1/2"]
[Termination "normal"]
[Board "36"]
[WhiteElo "1397"]
[BlackElo "1238"]
[PlyCount "52"]
[EventCountry "GER"]
[EventRounds "11"]
[EventType "swiss"]
[EventDate "2003.06.07"]

1. d4 Nf6 2. c4 e6 3. Nc3 d5 4. Bg5 Be7 5. Nf3 b6 6. e3 Bb7 7. Bd3 O-O 8. O-O
Nbd7 9. Rc1 Rc8 10. Re1 c5 11. b3 a6 12. Qe2 Ra8 13. e4 dxe4 14. Nxe4 cxd4 15.
Nxd4 Ne5 16. Nxf6+ Bxf6 17. Bxf6 gxf6 18. f4 Ng6 19. Qe3 Qd7 20. Rcd1 Rad8 21.
Nc2 Qc6 22. Re2 Rfe8 23. Ne1 e5 24. f5 Nf4 25. Qg3+ Kh8 26. Red2 Qc5+ 1/2-1/2

[Event "DEM U12/U12w 2003"]
[Site "Willingen GER"]
[Date "2003.06.13"]
[Round "9"]
[White "Eckoldt, Katja"]
[Black "Wassilian, Diana"]
[Result "1/2-1/2"]
[Termination "normal"]
[Board "37"]
[WhiteElo "979"]
[BlackElo "1376"]
[PlyCount "78"]
[EventCountry "GER"]
[EventRounds "11"]
[EventType "swiss"]
[EventDate "2003.06.07"]

1. e4 e5 2. Nf3 Nc6 3. Bc4 Bc5 4. c3 Nf6 5. d3 d6 6. O-O h6 7. a4 a5 8. Be3 Ba7
9. Bxa7 Nxa7 10. Nbd2 Nc6 11. Qe2 Be6 12. Rfe1 O-O 13. d4 Bxc4 14. Nxc4 Re8 15.
d5 Ne7 16. Nfd2 Ng6 17. g3 Qd7 18. Ne3 Qh3 19. Qf1 Qh5 20. Qe2 Qg5 21. Nf3 Qh5
22. Nd2 Qxe2 23. Rxe2 Kf8 24. Kg2 c6 25. dxc6 bxc6 26. f3 d5 27. exd5 cxd5 28.
Kf2 Rab8 29. b3 Red8 30. Nc2 d4 31. cxd4 exd4 32. Ree1 d3 33. Ne3 Nd5 34. Nec4
Ra8 35. Nb2 Nb4 36. Rad1 Rac8 37. Ndc4 Rc5 38. Re3 Rcd5 39. Nb6 Rd4 1/2-1/2

[Event "DEM U12/U12w 2003"]
[Site "Willingen GER"]
[Date "2003.06.13"]
[Round "9"]
[White "Völsgen, Georg"]
[Black "Wisheckel, Lena"]
[Result "1-0"]
[Termination "normal"]
[Board "38"]
[WhiteElo "1159"]
[BlackElo "1242"]
[PlyCount "53"]
[WhiteFideId "24635901"]
[BlackFideId "24691992"]
[EventCountry "GER"]
[EventRounds "11"]
[EventType "swiss"]
[EventDate "2003.06.07"]

1. e4 e5 2. Nf3 Nf6 3. Nc3 Nc6 4. Bb5 d6 5. O-O Bd7 6. d4 exd4 7. Nxd4 Nxd4 8.
Bxd7+ Nxd7 9. Qxd4 Be7 10. Qxg7 Bf6 11. Qg3 Be5 12. Bf4 Bf6 13. Rab1 Qe7 14.
Nd5 Qd8 15. c3 c6 16. Nxf6+ Nxf6 17. Bxd6 Rg8 18. Qe5+ Kd7 19. Rfd1 Kc8 20. Be7
Nd7 21. Qd6 Qe8 22. Bh4 a6 23. Bg3 Qd8 24. Qf4 f6 25. Rd2 Ra7 26. Rxd7 Qxd7 27.
Qb8# 1-0

[Event "DEM U12/U12w 2003"]
[Site "Willingen GER"]
[Date "2003.06.13"]
[Round "9"]
[White "Schultheiß, Vera"]
[Black "Göpel, Martin"]
[Result "0-1"]
[Termination "normal"]
[Board "40"]
[WhiteElo "1046"]
[BlackElo "1476"]
[PlyCount "138"]
[EventCountry "GER"]
[EventRounds "11"]
[EventType "swiss"]
[EventDate "2003.06.07"]

1. e4 c5 2. Nc3 e6 3. g3 a6 4. d3 Qc7 5. Bg2 Nf6 6. f4 d6 7. Be3 Be7 8. h3 Nc6
9. Nf3 b6 10. O-O Bb7 11. Rb1 O-O 12. d4 cxd4 13. Nxd4 Nxd4 14. Qxd4 b5 15.
Rfd1 Rfd8 16. Qb6 Qxb6 17. Bxb6 Rd7 18. e5 Ne8 19. Be3 Bxg2 20. Kxg2 Bd8 21.
Rd2 d5 22. Rf1 g6 23. h4 Ng7 24. Kh3 h5 25. Ne2 Nf5 26. Bf2 Rb8 27. b4 Bb6 28.
Bxb6 Rxb6 29. Rd3 Rc6 30. Rc1 Rdc7 31. Rd2 Ne3 32. Nd4 Rc4 33. a3 Rc3 34. Nb3
Rxb3 35. cxb3 Rxc1 36. a4 bxa4 37. bxa4 Nc4 38. Rd3 Rb1 39. b5 axb5 40. axb5
Rxb5 41. Kg2 Ra5 42. Rb3 Ra2+ 43. Kf3 Ra3 44. Rxa3 Nxa3 45. Ke3 Kf8 46. Kd3 Nb5
47. Kd2 Ke7 48. Kd3 Kd7 49. Ke3 Kc6 50. Kd3 Kc5 51. Ke3 Kc4 52. Kd2 Kd4 53. Ke2
Kc3 54. Kd1 d4 55. f5 gxf5 56. Kc1 Kd3 57. Kd1 Nc3+ 58. Kc1 Ke2 59. g4 fxg4 60.
Kb2 Ne4 61. Kc1 d3 62. Kb1 d2 63. Kb2 d1=Q 64. Ka2 g3 65. Ka3 Qb1 66. Ka4 g2
67. Ka3 g1=R 68. Ka4 Rg8 69. Ka5 Ra8# 0-1

[Event "DEM U12/U12w 2003"]
[Site "Willingen GER"]
[Date "2003.06.13"]
[Round "9"]
[White "Mijatovic, Andrea"]
[Black "van Orsouw, Svenja"]
[Result "1/2-1/2"]
[Termination "normal"]
[Board "41"]
[WhiteElo "1408"]
[BlackElo "1311"]
[PlyCount "63"]
[WhiteFideId "14514524"]
[BlackFideId "24677124"]
[EventCountry "GER"]
[EventRounds "11"]
[EventType "swiss"]
[EventDate "2003.06.07"]

1. e4 c5 2. Nf3 d6 3. d4 cxd4 4. Nxd4 a6 5. Nc3 Bd7 6. Be2 Nf6 7. Be3 Qc7 8.
O-O e5 9. Nb3 Bc6 10. Nd5 Bxd5 11. exd5 Nbd7 12. c4 Rc8 13. Rc1 Qb8 14. f4 Qa8
15. a4 a5 16. f5 Ne4 17. Bd3 Nec5 18. Nxc5 Nxc5 19. Bxc5 Rxc5 20. f6 Qa7 21.
Kh1 g6 22. h4 Bh6 23. Rc3 Be3 24. b3 Qb6 25. Rf3 Bd4 26. Rc1 Qb4 27. Rb1 Rg8
28. Rh3 e4 29. Bxe4 Bxf6 30. h5 Be5 31. h6 Rc7 32. g4 1/2-1/2

[Event "DEM U12/U12w 2003"]
[Site "Willingen GER"]
[Date "2003.06.13"]
[Round "9"]
[White "Frey, Alisa"]
[Black "Häcker, Katrin"]
[Result "1-0"]
[Termination "normal"]
[Board "42"]
[WhiteElo "1138"]
[BlackElo "1253"]
[PlyCount "29"]
[WhiteFideId "24634662"]
[BlackFideId "24667986"]
[EventCountry "GER"]
[EventRounds "11"]
[EventType "swiss"]
[EventDate "2003.06.07"]

1. e4 e5 2. Nf3 Nc6 3. Nc3 Nf6 4. d4 exd4 5. Nxd4 Bb4 6. Nxc6 dxc6 7. Qxd8+
Kxd8 8. Bd3 Re8 9. f3 Nd5 10. Bd2 Nxc3 11. bxc3 Bc5 12. Rd1 f5 13. Ke2 fxe4 14.
Bxe4 g5 15. Bxg5# 1-0

[Event "DEM U12/U12w 2003"]
[Site "Willingen GER"]
[Date "2003.06.13"]
[Round "9"]
[White "Demmler, Julia"]
[Black "Thewes, Johannes"]
[Result "1-0"]
[Termination "normal"]
[Board "43"]
[WhiteElo "1385"]
[BlackElo "903"]
[PlyCount "211"]
[BlackFideId "4624823"]
[EventCountry "GER"]
[EventRounds "11"]
[EventType "swiss"]
[EventDate "2003.06.07"]

1. e4 c6 2. d4 d5 3. exd5 cxd5 4. Bd3 Nc6 5. c3 Nf6 6. Nf3 Bg4 7. h3 Bh5 8. Bf4
e6 9. O-O Be7 10. Nbd2 O-O 11. Re1 Re8 12. Qc2 Bxf3 13. Nxf3 h6 14. Re3 Rc8 15.
Ne5 Nb4 16. Qb1 Nxd3 17. Qxd3 Nh5 18. Bg3 Nxg3 19. Rxg3 Bd6 20. Qe3 Kf8 21. Rf3
Bxe5 22. Qxe5 Qc7 23. Re1 Qxe5 24. Rxe5 Ke7 25. Rg3 g6 26. Re1 b5 27. a3 a5 28.
b4 axb4 29. axb4 Ra8 30. Rc1 Ra2 31. Kf1 Rea8 32. Re3 Rb2 33. Re2 Rxe2 34. Kxe2
Ra2+ 35. Ke3 Kd6 36. Kf3 e5 37. dxe5+ Kxe5 38. Re1+ Kf5 39. Re7 Kf6 40. Rd7 Ke6
41. Rb7 Ra3 42. Rxb5 Rxc3+ 43. Ke2 d4 44. Kd2 Ra3 45. Rc5 Kd6 46. g3 Ra4 47.
Rb5 Kc6 48. Rb8 Kd5 49. Kd3 Ra3+ 50. Kd2 Kc4 51. b5 Ra2+ 52. Ke1 d3 53. Rd8 Kc3
54. Rc8+ Kb4 55. b6 Re2+ 56. Kd1 Re7 57. Rc7 Re6 58. b7 Rb6 59. Kd2 Ka5 60.
Kxd3 f5 61. Kd4 Ka6 62. Rh7 Rb4+ 63. Ke5 Rb5+ 64. Kd6 Rb6+ 65. Kc5 Rb5+ 66. Kd6
Rb6+ 67. Ke5 Rb5+ 68. Kf4 Rb4+ 69. Kf3 Rb3+ 70. Kg2 Rxb7 71. Rxb7 Kxb7 72. Kf3
Kc7 73. Kf4 Kd6 74. g4 Ke6 75. gxf5+ gxf5 76. h4 Kf6 77. h5 Ke6 78. f3 Kf6 79.
Kg3 Kg5 80. f4+ Kxh5 81. Kh3 Kg6 82. Kg3 Kf6 83. Kh4 Ke6 84. Kh5 Kd5 85. Kxh6
Ke4 86. Kg5 Kd5 87. Kxf5 Kd6 88. Kf6 Kd7 89. Kf7 Kd6 90. f5 Kd7 91. f6 Kd8 92.
Kg7 Ke8 93. f7+ Kd7 94. f8=Q Ke6 95. Qf6+ Kd5 96. Qf4 Ke6 97. Kg6 Kd5 98. Kf6
Kc6 99. Qe5 Kd7 100. Qd5+ Kc7 101. Ke7 Kb8 102. Kd6 Ka7 103. Kd7 Kb6 104. Qc4
Kb7 105. Qb5+ Ka7 106. Kc7 1-0

[Event "DEM U12/U12w 2003"]
[Site "Willingen GER"]
[Date "2003.06.13"]
[Round "9"]
[White "Müller, Anna-Louise"]
[Black "Becher, Anne"]
[Result "0-1"]
[Termination "normal"]
[Board "44"]
[WhiteElo "821"]
[BlackElo "1294"]
[PlyCount "34"]
[WhiteFideId "4633512"]
[EventCountry "GER"]
[EventRounds "11"]
[EventType "swiss"]
[EventDate "2003.06.07"]

1. e4 e5 2. Nf3 Nc6 3. Nc3 Nf6 4. d4 exd4 5. Nxd4 Bb4 6. f3 d5 7. Bb5 Bd7 8.
Nxc6 Bxc6 9. Bxc6+ bxc6 10. Bd2 dxe4 11. fxe4 O-O 12. Qe2 Re8 13. O-O-O Qe7 14.
Rhe1 Rad8 15. Bg5 Bxc3 16. Rxd8 Rxd8 17. bxc3 Qa3+ 0-1